Interkulturelle Kommunikation bei der Zusammenarbeit in internationalen Kollektiven bakalárska práca

Gespeichert in:
Bibliographische Detailangaben
1. Verfasser: Otáhal, Martin
Körperschaft: Fakulta aplikovaných jazykov EU v Bratislave. Katedra interkultúrnej komunikácie
Weitere Verfasser: Kucharová, Jana, 1981-
Format: Buch
Sprache:Deutsch
Veröffentlicht: Bratislava 2025
Tags: Tag hinzufügen
Keine Tags, Fügen Sie das erste Tag hinzu!

MARC

LEADER 00000nbm a2200000 4500
001 0308936
005 20260211111538.7
041 0 |a ger 
044 |a SK 
245 1 0 |a Interkulturelle Kommunikation bei der Zusammenarbeit in internationalen Kollektiven  |b bakalárska práca  |c Martin Otáhal ; školiteľ: Jana Kucharová 
264 1 |a Bratislava  |c 2025 
300 |a 61 s. 
100 1 |a Otáhal, Martin 
700 1 |a Kucharová, Jana, 1981- 
710 2 |a Fakulta aplikovaných jazykov EU v Bratislave. Katedra interkultúrnej komunikácie